[Event "Challenge"]
[Site "http://www.queenalice.com/game.php?id=848493"]
[Date "2010.10.20"]
[Round "-"]
[White "Winterbottom"]
[Black "flicker"]
[Result "1-0"]
[WhiteElo "1909"]
[BlackElo "2004"]

1. e4 e6 2. d4 d5 3. exd5 exd5 4. Nf3 Nc6 5. Bd3 Be7 6. O-O Qd6 7. Re1 Bg4 8.
Be2 Bxf3 9. Bxf3 Nf6 10. Bg5 O-O 11. c3 Rfe8 12. Nd2 Nd7 13. Be3 Nd8 14. c4 c6
15. c5 Qc7 16. b4 a5 17. a3 axb4 18. axb4 Rxa1 19. Qxa1 h6 20. g3 Ne6 21. Bg4
Bf6 22. Bf4 Qc8 23. Bxe6 fxe6 24. Nf3 g5 25. Be5 Bxe5 26. Nxe5 Nxe5 27. Rxe5 Qd7
28. g4 Qf7 29. Qe1 Qf6 30. Qe3 Kf7 31. Kg2 Ke7 32. Rf5 Qg6 33. Qe5 Rd8 34. f4
gxf4 35. Rxf4 Qg5 36. Qc7+ Rd7 37. Rf7+ Kxf7 38. Qxd7+ Kf6 39. Qd8+ Kg6 40.
Qxg5+ hxg5 41. Kg3 e5 42. dxe5 Kf7 43. h4 gxh4+ 44. Kxh4 d4 45. Kg3 Ke6 46. Kf4
d3 47. Ke3 Kxe5 48. Kxd3 Kf4 49. Kd4 1-0

[Event "Challenge"]
[Site "http://www.queenalice.com/game.php?id=872861"]
[Date "2010.12.16"]
[Round "-"]
[White "Winterbottom"]
[Black "spaghettiman"]
[Result "1-0"]
[WhiteElo "1912"]
[BlackElo "1529"]

1. e4 d5 2. exd5 Qxd5 3. Nc3 Qe5+ 4. Qe2 Nc6 5. Nf3 f6 6. Nxe5 Nxe5 7. Nb5 Bg4
8. f3 Bf5 9. Nxc7+ Kd8 10. Nxa8 Bxc2 11. d4 Bd3 12. Qd1 Bxf1 13. dxe5+ Kc8 14.
Qc2+ Kb8 15. Qc7+ Kxa8 16. Qc8# 1-0

[Event "Happy New Year!"]
[Site "http://www.queenalice.com/game.php?id=881686"]
[Date "2011.1.5"]
[Round "-"]
[White "spaghettiman"]
[Black "Winterbottom"]
[Result "0-1"]
[WhiteElo "1489"]
[BlackElo "1930"]

1. d4 d5 2. Nc3 Nf6 3. Nf3 Nc6 4. e3 Bg4 5. Bb5 a6 6. Bxc6+ bxc6 7. O-O Ne4 8.
h3 Bh5 9. g4 Nxc3 10. bxc3 Bg6 11. Ne5 e6 12. Nxc6 Qd6 13. Ne5 Be7 14. Rb1 O-O
15. c4 dxc4 16. Nxc4 Qd5 17. Qe2 c5 18. Ba3 Rfb8 19. Nb6 Qxa2 20. Nxa8 Rxb1 21.
Qxa6 Rxf1+ 22. Kxf1 Qb1+ 23. Ke2 Qxc2+ 24. Kf3 Qe4+ 25. Kg3 Qd5 26. Qc8+ Qd8 27.
Qc6 cxd4 28. exd4 Bxa3 29. f4 Qxd4 30. Qe8+ Bf8 31. Nc7 Qc3+ 32. Kh4 Qe1+ 33.
Kg5 h6# 0-1

[Event "Challenge"]
[Site "http://www.queenalice.com/game.php?id=893900"]
[Date "2011.1.31"]
[Round "-"]
[White "Winterbottom"]
[Black "spaghettiman"]
[Result "1-0"]
[WhiteElo "1932"]
[BlackElo "1489"]

1. e4 Nf6 2. Nc3 d5 3. e5 d4 4. exf6 dxc3 5. fxg7 Bxg7 6. bxc3 O-O 7. Nf3 Bg4 8.
Be2 Bxf3 9. Bxf3 Qc8 10. O-O Nd7 11. d4 c5 12. Ba3 Rd8 13. Qe2 cxd4 14. cxd4
Bxd4 15. Rab1 Rb8 16. Qxe7 Bc5 17. Qg5+ Kf8 18. Qh6+ Kg8 19. Bb2 Bf8 20. Qg5+
1-0

[Event "Challenge"]
[Site "http://www.queenalice.com/game.php?id=904080"]
[Date "2011.2.22"]
[Round "-"]
[White "spaghettiman"]
[Black "Winterbottom"]
[Result "0-1"]
[WhiteElo "1530"]
[BlackElo "1934"]

1. d4 d5 2. Nf3 Nf6 3. e3 Nc6 4. Bb5 Qd6 5. O-O Bd7 6. b3 O-O-O 7. Ba3 Nb4 8.
Qd2 Bxb5 9. Bxb4 Qd7 10. Ne5 Qe6 11. Na3 Ne4 12. Qe1 Bxf1 13. Kxf1 f6 14. Nd3
Qa6 15. c4 e6 16. Nb5 Bxb4 17. Nxb4 Qa5 18. f3 Nd6 19. Nxd6+ Rxd6 20. cxd5 exd5
21. a3 Qb5+ 22. Kg1 g5 23. e4 Re8 24. Rc1 dxe4 25. fxe4 Rxd4 26. Qc3 Qb6 27.
Qxc7+ Qxc7 28. Rxc7+ Kxc7 29. Nd5+ Kd6 30. Nxf6 Rf8 31. Kf2 Rxf6+ 32. Ke3 Ke5
33. b4 Rxe4+ 34. Kd3 Rd6+ 35. Kc3 Kd5 36. Kb3 b5 37. a4 Re3+ 0-1

[Event "Challenge"]
[Site "http://www.queenalice.com/game.php?id=922189"]
[Date "2011.4.5"]
[Round "-"]
[White "Winterbottom"]
[Black "spaghettiman"]
[Result "0-1"]
[WhiteElo "1936"]
[BlackElo "1525"]

1. e4 d5 2. exd5 Qxd5 3. Nc3 Qe5+ 4. Be2 Nf6 5. Nf3 Qc5 6. O-O Qd6 7. Bc4 Be6 8.
Bxe6 Qxe6 9. Re1 Qb6 10. Qe2 Nc6 11. b3 O-O-O 12. Ne5 Nxe5 13. Qxe5 e6 14. h3
Bd6 15. Qb5 Qxb5 16. Nxb5 Bc5 17. Nxa7+ Bxa7 18. c4 Bd4 19. Rb1 Rhe8 20. a4 g5
21. a5 g4 22. h4 g3 23. Kf1 gxf2 24. Re2 Ng4 25. Rxf2 Bxf2 26. b4 Bxh4 27. b5 c6
28. bxc6 bxc6 29. Ba3 Rxd2 30. Bc5 Red8 31. a6 Rd1+ 32. Rxd1 Rxd1+ 33. Ke2 Ra1
34. a7 Kb7 35. Kf3 Nh2+ 36. Ke4 Ra5 37. Bd4 c5 38. a8=Q+ Kxa8 0-1

[Event "Challenge"]
[Site "http://www.queenalice.com/game.php?id=940565"]
[Date "2011.5.20"]
[Round "-"]
[White "Winterbottom"]
[Black "spaghettiman"]
[Result "1-0"]
[WhiteElo "1906"]
[BlackElo "1574"]

1. e4 d5 2. exd5 Qxd5 3. Nc3 Qf5 4. Nb5 Na6 5. Nf3 Qe4+ 6. Be2 Bf5 7. d3 Qb4+ 8.
Nc3 O-O-O 9. O-O Nf6 10. Ne5 Be6 11. a3 Qd4 12. Nf3 Qg4 13. Nb5 Kb8 14. Be3 b6
15. Ne5 Qf5 16. Nc6+ Kc8 17. Nbxa7+ Kd7 18. Nxd8 Kxd8 19. Nc6+ Kc8 20. Nd4 Qg6
21. Nxe6 fxe6 22. Bf3 e5 23. b4 e4 24. dxe4 e5 25. Qd3 Nb8 26. Qc4 Ng4 27. Bxb6
Qxb6 28. Bxg4+ Nd7 29. Rad1 c6 30. Bxd7+ Kc7 31. Qf7 c5 32. Bf5+ Kc6 33. Qd7#
1-0

[Event "QA-ANNIV-07"]
[Site "http://www.queenalice.com/game.php?id=950661"]
[Date "2011.6.16"]
[Round "1"]
[White "Winterbottom"]
[Black "brasilianlion"]
[Result "0-1"]
[WhiteElo "1932"]
[BlackElo "1978"]

1. e4 c5 2. Nf3 d6 3. Bb5+ Bd7 4. Bxd7+ Nxd7 5. b3 Ngf6 6. d3 g6 7. Bb2 Bg7 8.
O-O O-O 9. Nbd2 Qc7 10. g3 Rad8 11. c4 Qc8 12. Re1 e5 13. a3 Ne8 14. b4 b6 15.
b5 Nc7 16. Rb1 a5 17. a4 Ne6 18. Nb3 Rde8 19. Bc1 Qd8 20. Be3 f5 21. exf5 Rxf5
22. Nfd2 Ref8 23. Re2 Qf6 24. Ne4 Qe7 25. Nc3 Nc7 26. Nd2 h6 27. Nde4 Qe6 28.
Qd2 R5f7 29. Bxh6 Qg4 30. Bxg7 Rxg7 31. Nxd6 Rh7 32. Rf1 Rf3 33. Kg2 Rf6 34. f3
Qh3+ 35. Kg1 Rxd6 36. Ne4 Rf6 37. Ng5 Qh6 38. Nxh7 Qxh7 39. f4 Qg7 40. Qe1 Ne6
41. fxe5 Rxf1+ 42. Kxf1 Qh6 43. Kg2 g5 44. h3 Qg6 45. Re4 Kf7 46. Qf2+ Ke7 47.
Qf3 Nd4 48. Qg4 Nc2 49. h4 Nb4 50. d4 cxd4 51. Rxd4 Nxe5 0-1

[Event "Challenge"]
[Site "http://www.queenalice.com/game.php?id=952485"]
[Date "2011.6.21"]
[Round "-"]
[White "spaghettiman"]
[Black "Winterbottom"]
[Result "0-1"]
[WhiteElo "1610"]
[BlackElo "1929"]

1. e4 e5 2. Nf3 Nc6 3. g3 Nf6 4. Bc4 Bc5 5. Ng5 d5 6. exd5 Nxd5 7. Qf3 O-O 8.
Qh5 h6 9. Ne4 Bb6 10. O-O Nf6 11. Qf3 Nxe4 12. Qxe4 Nd4 13. c3 Nc6 14. Bd5 Qd6
15. Bxc6 Qxc6 16. Qxc6 bxc6 17. Re1 f6 18. b4 a5 19. Ba3 axb4 20. cxb4 Bd4 21.
b5 Bxa1 22. Bxf8 Kxf8 23. Nc3 Bxc3 24. dxc3 cxb5 25. f4 exf4 26. gxf4 Rxa2 27.
Rb1 c6 28. Rc1 Bf5 0-1

[Event "AUTO-ADV-2212"]
[Site "http://www.queenalice.com/game.php?id=957736"]
[Date "2011.7.7"]
[Round "1"]
[White "VFA"]
[Black "Winterbottom"]
[Result "1-0"]
[WhiteElo "1798"]
[BlackElo "1872"]

1. e4 e5 2. Nf3 Nc6 3. Bc4 Nf6 4. Nc3 Nxe4 5. Bxf7+ Kxf7 6. Nxe4 Be7 7. Nfg5+
Bxg5 8. Qh5+ Kg8 9. Qxg5 Qxg5 10. Nxg5 Nd4 11. Kd1 b6 12. c3 Nf5 13. Re1 d6 14.
d4 h6 15. Nf3 Bb7 16. dxe5 Re8 17. exd6 Rd8 18. Kc2 1-0

[Event "AUTO-ADV-2212"]
[Site "http://www.queenalice.com/game.php?id=957737"]
[Date "2011.7.7"]
[Round "1"]
[White "Winterbottom"]
[Black "VFA"]
[Result "0-1"]
[WhiteElo "1893"]
[BlackElo "1777"]

1. e4 e5 2. Nf3 Nc6 3. Bb5 a6 4. Ba4 Nf6 5. Nc3 Bc5 6. Bxc6 dxc6 7. h3 Qd6 8.
O-O Be6 9. a3 O-O-O 10. d3 h6 11. Qe2 g5 12. b4 Ba7 13. Be3 Bxe3 14. Qxe3 Kb8
15. Na4 g4 16. hxg4 Nxg4 17. Qc5 f5 18. Rfe1 fxe4 19. dxe4 h5 20. Ng5 Rhg8 0-1

[Event "AUTO-ADV-2212"]
[Site "http://www.queenalice.com/game.php?id=957752"]
[Date "2011.7.7"]
[Round "1"]
[White "Winterbottom"]
[Black "juim"]
[Result "1-0"]
[WhiteElo "1860"]
[BlackElo "1627"]

1. e4 d5 2. exd5 Qxd5 3. Nc3 Qd8 4. Nf3 Bg4 5. h3 Bf5 6. g4 Be6 7. Ng5 h6 8.
Nxe6 fxe6 9. Bg2 c6 10. d3 g5 11. Be3 Nd7 12. Be4 Ne5 13. d4 Nc4 14. Bg6+ Kd7
15. Bc1 Kc7 16. b3 Nd6 17. f4 gxf4 18. Bxf4 Nf6 19. Be5 Bg7 20. Qe2 Ne8 21. Bxe8
Bxe5 22. Qxe5 Qxe8 23. Qxe6 Rd8 24. O-O-O Kb8 25. d5 c5 26. Rhf1 a6 27. Ne4 Nxe4
28. Qxe4 Qd7 29. Qe6 Qb5 30. Qxe7 Rhe8 31. Qg7 Rd7 32. Rf7 Rxf7 33. Qxf7 Rd8 34.
d6 Qc6 35. Qf6 Qb6 36. Qxh6 Qa5 37. Kb1 Qb6 38. c4 Qc6 39. Rd5 Ka7 40. Qf6 Rd7
41. g5 Qc8 42. Re5 Rh7 43. Qf5 Qg8 44. Re7 Rxe7 45. dxe7 Qh8 46. Qf8 Qc3 47.
e8=Q Qb4 48. Qa8+ Kb6 49. Qd6+ Ka5 50. Qad8+ b6 51. Kb2 Qa3+ 52. Kb1 Kb4 53.
Q8xb6+ Kc3 54. Qg3+ Kd2 55. Qbd6+ Ke2 56. Qdd3# 1-0

[Event "AUTO-ADV-2212"]
[Site "http://www.queenalice.com/game.php?id=957753"]
[Date "2011.7.7"]
[Round "1"]
[White "juim"]
[Black "Winterbottom"]
[Result "0-1"]
[WhiteElo "1638"]
[BlackElo "1853"]

1. e4 e5 2. d3 Bc5 3. Be3 Bxe3 4. fxe3 Qg5 5. Nf3 Qxe3+ 6. Be2 Nc6 7. c3 Nf6 8.
Na3 Ng4 9. Nc4 Qf2+ 10. Kd2 b5 11. Qb3 bxc4 12. Qxc4 Qe3+ 13. Kc2 Qxe2+ 14. Nd2
Ne3+ 15. Kb3 Nxc4 16. Nxc4 Qxd3 17. a3 Rb8+ 18. Ka2 Qxc4+ 19. Kb1 Qxc3 0-1

[Event "AUTO-ADV-2212"]
[Site "http://www.queenalice.com/game.php?id=957754"]
[Date "2011.7.7"]
[Round "1"]
[White "Winterbottom"]
[Black "rxk"]
[Result "0-1"]
[WhiteElo "1902"]
[BlackElo "1925"]

1. e4 c5 2. Nf3 d6 3. Bb5+ Nc6 4. O-O a6 5. Bxc6+ bxc6 6. b3 e5 7. Bb2 f5 8.
exf5 Bxf5 9. c4 Nf6 10. h3 Be7 11. Nh4 Bd3 12. Re1 O-O 13. Re3 e4 14. Nf5 d5 15.
Rg3 g6 16. Nh6+ Kh8 0-1

[Event "AUTO-ADV-2212"]
[Site "http://www.queenalice.com/game.php?id=957755"]
[Date "2011.7.7"]
[Round "1"]
[White "rxk"]
[Black "Winterbottom"]
[Result "1-0"]
[WhiteElo "1909"]
[BlackElo "1918"]

1. e4 e5 2. Nf3 Nc6 3. Bc4 Nf6 4. O-O Nxe4 5. Re1 d5 6. Bb5 Bd6 7. c4 Nf6 8.
Nxe5 O-O 9. Nxc6 bxc6 10. Bxc6 Rb8 11. cxd5 Ng4 12. g3 Qf6 13. Rf1 Ba6 14. d3
Ne5 15. d4 1-0

[Event "Challenge"]
[Site "http://www.queenalice.com/game.php?id=959597"]
[Date "2011.7.12"]
[Round "-"]
[White "Winterbottom"]
[Black "spaghettiman"]
[Result "1-0"]
[WhiteElo "1887"]
[BlackElo "1641"]

1. e4 d5 2. exd5 Qxd5 3. Nc3 Qf5 4. Nf3 Nf6 5. b3 e6 6. Bd3 Qc5 7. O-O Bd6 8.
Ne4 Qh5 9. Nxf6+ gxf6 10. g3 e5 11. Nh4 Bg4 12. f3 Bh3 13. Re1 Bc5+ 14. Kh1 Bf2
15. Re2 Bd4 16. c3 Bb6 17. Bc4 Nd7 18. b4 f5 19. d4 a5 20. dxe5 O-O-O 21. e6
fxe6 22. Bxe6 f4 23. Bxf4 c5 24. Bxh3 cxb4 25. Qd6 1-0

[Event "Challenge"]
[Site "http://www.queenalice.com/game.php?id=964786"]
[Date "2011.7.25"]
[Round "-"]
[White "Fauquinelle"]
[Black "Winterbottom"]
[Result "1-0"]
[WhiteElo "1829"]
[BlackElo "1867"]

1. d4 d5 2. c4 c6 3. Nf3 Nf6 4. Nc3 e6 5. e3 Bb4 6. Qc2 O-O 7. Bd3 g6 8. Bd2 c5
9. a3 Bxc3 10. Bxc3 b6 11. b4 cxd4 12. Bxd4 Bb7 13. Qc3 Nbd7 14. c5 Rc8 15. Rc1
a6 16. Ne5 Nxe5 17. Bxe5 Nd7 18. Bd6 Re8 19. h4 Nf6 20. Qd4 b5 21. Be5 Nh5 22.
g4 f6 23. gxh5 fxe5 24. Qxe5 Rf8 25. h6 Qf6 26. Qg3 Qf3 27. Qxf3 Rxf3 28. Ke2
Rcf8 29. Rcf1 e5 30. Bc2 d4 31. a4 Bd5 32. axb5 Bc4+ 33. Bd3 Bxb5 34. Bxb5 axb5
35. Rhg1 d3+ 36. Kxd3 Kf7 37. Ra1 Ke6 38. Ra6+ Kd5 39. Rd6# 1-0

[Event "Challenge"]
[Site "http://www.queenalice.com/game.php?id=1031358"]
[Date "2012.2.20"]
[Round "-"]
[White "Winterbottom"]
[Black "spaghettiman"]
[Result "1-0"]
[WhiteElo "1849"]
[BlackElo "1599"]

1. e4 d5 2. exd5 Qxd5 3. Nc3 Qe5+ 4. Qe2 Qf5 5. d3 Nf6 6. Nf3 e6 7. Qe5 Bd6 8.
Qxf5 exf5 9. Bg5 Ng4 10. h3 Ne5 11. Nd5 Be6 12. Nxe5 Bxd5 13. f4 O-O 14. Nc4
Re8+ 15. Kd2 Bb4+ 16. c3 b5 17. Ne3 Be7 18. Bxe7 Rxe7 19. Nxd5 Rd7 20. Re1 Nc6
21. Ne3 g6 22. g4 Ne7 23. gxf5 gxf5 24. Rg1+ Kf8 25. Rg5 h6 26. Rh5 Kg7 27. d4
Kg6 28. Be2 a5 29. Rg1+ Kh7 30. Bxb5 Rd6 31. Nxf5 Nxf5 32. Rxf5 Rg8 33. Rxf7+
Kh8 34. Rxg8+ Kxg8 35. Rxc7 Rf6 36. Ke3 Rf7 37. Bc4 Kg7 38. Rxf7+ Kg6 39. Kf3 h5
40. Be6 1-0

[Event "Challenge"]
[Site "http://www.queenalice.com/game.php?id=1080116"]
[Date "2012.7.7"]
[Round "-"]
[White "Winterbottom"]
[Black "spaghettiman"]
[Result "0-1"]
[WhiteElo "1855"]
[BlackElo "1577"]

1. e4 Nf6 2. Nc3 d6 3. d4 e5 4. dxe5 dxe5 5. Qxd8+ Kxd8 6. Bg5 Bg4 7. f3 Be6 8.
O-O-O+ Nd7 9. Bxf6+ gxf6 10. g4 Bh6+ 11. Kb1 Ke7 12. Nd5+ Bxd5 13. Rxd5 Nb6 14.
Rd1 Rad8 15. Rxd8 Rxd8 16. Bd3 Be3 17. Ne2 c5 18. c4 Rxd3 19. b3 Bf2 20. f4 Re3
21. Ng3 Bxg3 22. hxg3 Rxe4 23. Rf1 exf4 24. gxf4 Nc8 25. Kc1 a5 26. Kd2 f5 27.
Re1 Rxe1 28. Kxe1 fxg4 29. Kf2 Kf6 30. a4 Kf5 31. Kg3 h5 0-1